| 000 | 00756nam a2200253Ia 4500 | ||
|---|---|---|---|
| 003 | OSt | ||
| 005 | 20220926024739.0 | ||
| 006 | a|||||r|||| 00| 0 | ||
| 007 | ta | ||
| 008 | 220923b |||||||| |||| 00| 0 eng d | ||
| 020 | _a0 19 822558 x | ||
| 037 | _cGeneral Book | ||
| 040 |
_aRTL _cRTL _beng |
||
| 041 |
_2eng _aeng |
||
| 082 | _aX.53.L89<--L50, L4 | ||
| 100 |
_aHufton Olwen H _9331393 |
||
| 245 | 0 | _aPoor of eighteenth century France 1750-1789 | |
| 260 |
_aOxford _bClarendon Press _c1974 |
||
| 300 |
_ax,414p. _ccm. |
||
| 500 | _aBibliography: P 391-403; Appendix: P 370-90 | ||
| 650 |
_aEconomic Conditions Europe _9235501 |
||
| 942 |
_hX.53.L89<--L50, L4 _cGB _2CC |
||
| 999 |
_c645386 _d645386 |
||